Riadenie rizika v neživotnom poistení diplomová práca

Salvato in:
Dettagli Bibliografici
Autore principale: Móriová, Jaroslava
Ente Autore: Fakulta hospodárskej informatiky EU. Katedra matematiky
Altri autori: Mucha, Vladimír, 1976-
Natura: Libro
Lingua:slovacco
Pubblicazione: Bratislava 2010
Tags: Aggiungi Tag
Nessun Tag, puoi essere il primo ad aggiungerne!!

MARC

LEADER 00000nam a2200000 4500
001 0119100
005 20240318123347.1
041 0 |a slo 
044 |a SK 
245 1 0 |a Riadenie rizika v neživotnom poistení  |b diplomová práca  |c Jaroslava Móriová ; škol. Vladimír Mucha 
264 1 |a Bratislava  |c 2010 
300 |a 70 s. 
100 1 |a Móriová, Jaroslava 
700 1 |a Mucha, Vladimír, 1976- 
710 2 |a Fakulta hospodárskej informatiky EU. Katedra matematiky